Statistics for U.S. Politicians by Political Career #1

Click here to take the quiz!

General Stats

  • This quiz has been taken 93 times
  • The average score is 18 of 20

Answer Stats

Answer% Correct

President 2017-2021

Donald Trump
100%

President 2021-

Vice President 2009-2017

U.S. Senator from Delaware 1973-2009

Member of the New Castle County Council 1970-1972

Joe Biden
100%

President 2009-2017

U.S. Senator from Illinois 2005-2008

Illinois State Senator 1997-2004

Barack Obama
99%

President 1993-2001

Governor of Arkansas 1979-1981, 1983-1992

Attorney General of Arkansas 1977-1979

Bill Clinton
98%

President 1981-1989

Governor of California 1967-1975

President of the Screen Actors Guild 1947-1952, 1959-1960

Ronald Reagan
98%

President 2001-2009

Governor of Texas 1995-2000

George W. Bush
97%

President 1861-1865

U.S. House Member from Illinois 1847-1849

Illinois State House Member 1834-1842

Abraham Lincoln
95%

President 1961-1963

U.S. Senator from Massachusetts 1953-1960

U.S. House Member from Massachusetts 1947-1953

John F. Kennedy
95%

Vice President 2021-

U.S. Senator from California 2017-2021

Attorney General of California 2011-2017

District Attorney of San Francisco 2004-2011
Kamala Harris
95%

Vice President 2017-2021

Governor of Indiana 2013-2017

U.S. House Member from Indiana 2001-2013

Mike Pence
95%

President 1945-1953

Vice President 1945

U.S. Senator from Missouri 1935-1945

Presiding Judge of Jackson County, Missouri 1927-1935

Harry Truman
94%

President 1969-1974

Vice President 1953-1961

U.S. Senator from California 1950-1953

U.S. House Member from California 1947-1950

Richard Nixon
94%

U.S. Senator from Vermont 2007-

U.S. House Member from Vermont 1991-2007

Mayor of Burlington, Vermont 1981-1989

Bernie Sanders
90%

U.S. Vice President 2001-2009

U.S. Secretary of Defense 1989-1993

U.S. House Minority Whip 1989

U.S. House Member from Wyoming 1979-1989

White House Chief of Staff 1975-1977

White House Deputy Chief of Staff 1974-1975

Dick Cheney
89%

U.S. Secretary of State 2009-2013

U.S. Senator from New York 2001-2009

U.S. First Lady 1993-2001

First Lady of Arkansas 1979-1981, 1983-1992

Hillary Clinton
89%

U.S. Speaker of the House 2007-2011, 2019-

U.S. House Minority Leader 2003-2007, 2011-2019

U.S. House Minority Whip 2002-2003

U.S. House Member from California 1987-

Chair of the California Democratic Party 1981-1983

Nancy Pelosi
89%

President 1901-1909

Vice President 1901

Governor of New York 1899-1900

Assistant Secretary of the Navy 1897-1898

President of the New York City Board of Police Commissioners 1895-1897

Minority Leader of the New York State House 1883

New York State House Member 1882-1884

Theodore Roosevelt
87%

U.S. Senator from Texas 2013-

Solicitor General of Texas 2003-2008

Ted Cruz
82%

President 1923-1929

Vice President 1921-1923

Governor of Massachusetts 1919-1921

Lieutenant Governor of Massachusetts 1916-1919

President of the Massachusetts State Senate 1914-1915

Massachusetts State Senate Member 1912-1915

Mayor of Northampton, Massachusetts 1910-1911

Massachusetts State House Member 1907-1908

Calvin Coolidge
67%

U.S. Ambassador to Japan 1993-1996

Vice President 1977-1981

U.S. Senator from Minnesota 1964-1976

Attorney General of Minnesota 1960-1964

Walter Mondale
63%

Score Distribution

Percentile by Number Answered

Percent of People with Each Score

Your Score History

You have not taken this quiz